Word Ladder - States - Statistics

General Stats
  • This quiz has been taken 56 times
  • The average score is 26 of 55
Answer Stats
Hint Answer % Correct
The Lone Star State Texas
100%
Singular version of that word (remove a letter) Text
85%
What you send to your contacts in their direct messages Texts
85%
Wagering money Bet
72%
If it's garbage, put it in this Bin
69%
1 byte equals eight of these Bit
69%
Alternative object to catch fish (remove a letter) Net
69%
Ariana Grande lyrics: "thank u, ____" Next
69%
Cupid is the roman god of ____ Love
67%
Past tense of weave Wove
67%
First name of a band that created "Livin' on a Prayer" Bon
64%
Tibia, metacarpals, pelvis, etc (add a letter) Bone
64%
Synonym for a house Home
64%
The author of the Iliad and the Odyssey (add a letter) Homer
64%
Synonym of isolation; and is a homonym of loan Lone
64%
The next time Halley's _____ is visible to the Earth is in the year 2061. Comet
62%
A narrow road Lane
62%
To sharpen, or smooth Hone
59%
A person who arrives somewhere Comer
56%
You wear this on your head (add a letter) Hat
56%
Symbol of the element Actinium Ac
54%
Word that is short for ampersand (remove a letter) And
54%
ABBA, Queen, Rolling Stones Band
54%
Small sheltered bay (remove a letter) Cove
54%
Countries near the equator are usually the most ___ Hot
54%
Article that you use before words that begin with vowels (remove a letter) An
51%
Synonym of crave, want, and desire Covet
51%
Popular shoe brand Nike
51%
Largest river in Africa (add a letter) Nile
51%
Symbol of the element Astatine At
49%
Zero, non-existant Nil
49%
a DC comic book character who made his debut in Batman Bane
46%
When you tie a shoelace, this is being created (add a letter) Knot
46%
Second word in the contraction "isn't" Not
46%
The egg of a louse or other parasitic insect (remove a letter) Nit
44%
First person verb of "be" Am
41%
Yarn being used to usually make clothing Knit
41%
You're either born a ___, or a woman Man
33%
Antonym of max Min
33%
Synonym for angry (remove a letter) Mad
26%
Tubes that are crucial for blood circulation Vein
26%
German word for "my" (add a letter) Mein
23%
The most common form of precipitation Rain
23%
Same pronounciation as the answer above Vain
23%
Past tense of made Made
21%
Prefix for negation, or absence Non
21%
Important for train transportation Rail
21%
a Māori term for earthworms Noke
18%
Another synonym for zero, non-existent, and most closely, nothing. (add a letter) None
18%
Letters and packages conveyed by the postal system Mail
15%
A value that appears most often in a set of data values in statistics Mode
15%
Short for the Norwegian krone (remove a letter) Nok
15%
The 23rd state to join the United States in 1820 (add a letter) Maine
13%
A term usually found in networking Node
13%
The most important thing Main
10%
No matching quizzes found
Score Distribution
Percent of People with Each Score
Percentile by Number Answered
Your Score History
You have not taken this quiz